Drones and violent non-state actors: The mankind's quest for violence (Record no. 395476)

MARC details
000 -LEADER
fixed length control field 00601 a2200205 4500
005 - DATE & TIME
control field 20260509105753.0
008 - FIXED-LENGTH DATA ELEMENTS--GENERAL INFORMATION
fixed length control field 260505b |||||||| |||| 00| 0 eng d
020 ## - ISBN
International Standard Book Number 9789360608488
Price Rs. 350.00
040 ## - CATALOGING SOURCE
Original cataloging agency VIVEKANANDA LIBRARY
082 ## - DDC NUMBER
Classification number 358.424
Book Number M474D
100 ## - MAIN ENTRY--PERSONAL NAME
Personal name Mehra, Anil Kumar
245 ## - TITLE STATEMENT
Title Drones and violent non-state actors: The mankind's quest for violence
260 ## - PUBLICATION, DISTRIBUTION, ETC. (IMPRINT)
Name of publisher, distributor, etc Manohar Publishers
Date of publication, distribution, etc 2025
Place of publication, distribution, etc New Delhi
300 ## - PHYSICAL DESCRIPTION
Pages 71
650 ## - Subject
Subject Air Warfare
650 ## - Subject
Subject Military Aircraft
650 ## - Subject
Subject Terrorism-Technological Innovations
650 ## - Subject
Subject Drone Aircraft-Military Use
942 ## - ADDED ENTRY ELEMENTS (KOHA)
Koha item type Books
Holdings
Withdrawn status Lost status Source of classification or shelving scheme Damaged status Not for loan Location (home branch) Sublocation or collection (holding branch) Shelving location Date acquired Koha issues (times borrowed) Koha full call number Accession No. Koha date last seen Koha item type
    Dewey Decimal Classification     VIVEKANANDA LIBRARY VIVEKANANDA LIBRARY Vivekananda Library 05/02/2026   358.424 M474D 438163 05/02/2026 Books
© Designed and Maintained by Vivekananda Library, MDU Rohtak